000 00681nam a2200229Ia 4500
005 20250507130339.0
008 008 250505s9999 xx 000 0 eng d
020 _a9781873410707
037 _aAnnuals, Advances
040 _aEASL
_beng
_cEASL
041 _aeng
_2eng
084 _aQ6.42, N8
_qEASL
100 _aTurnbull Stephen Au.
_9665150
245 0 _aKakure kirishitan of Japan: A study of their Development, Beliefs and Rituals to the Present Day
260 _aJapan
_bJapan Library Japan
_c1998
300 _axii,296p.
365 _b31,069
490 _vV.1
650 _aJEL
942 _cTEXL
_hQ6.42, N8
999 _c1319146
_d1319146